| 000 | 01895 a2200169 4500 | ||
|---|---|---|---|
| 003 | Nust | ||
| 005 | 20230802105921.0 | ||
| 040 | _cNust | ||
| 082 | _a621.38456,MOB | ||
| 100 |
_aTomasz Imielinski _9113887 |
||
| 245 |
_aMobile Computing / _cTomasz Imielinski & Henry F. Korth |
||
| 260 |
_aLondon _bKluwer Academic Publishers _c1996. |
||
| 300 | _axxii,728p. | ||
| 505 | _aIntroduction To Mobile Computing (Page-1), The Parctab Ubiquitous Computing Experiment (Page-45), Scalable Support For Transparent Mobile Internetworking (Page-103), Location Management For Networks With Mobile Users (Page-129), Dynamic Source Routing In Ad Hoc Wireless Networks (Page-153), Routing Over Multi-Hop Wireless Network Of Mobile Computers (Page-183), Improving The Performance Of Reliable Transport Protocols In Mobile Computing Environments (Page-207), Indirect Transport Layer Protocols For Mobile Wireless Environment (Page-229), Connecting Mobile Workstations To The Internet Over A Digital Cellular Telephone Network (Page-253), Asynchronous Video (Page-271), Wireless Publishing (Page-299), Broadcasts Disks (Page-331), Application Design For Wireless Computing (Page-363), Mobisaic (Page-375), Providing Location Information In A Ubiquitous Computing Environment (Page-397), Unix For Nomads (Page-425), Scheduling For Reduced CPU Energy (Page-449), Storage Alternative For Mobile Computers (Page-473), Disconnected Operation In The Coda File Sys (Page-507), Mobility Support For Sales And Inventory Applications (Page-571), Strategies For Query Processing In Mobile Computing (Page-595), The Case For Wireless Relay Networks (Page-621), The Diana Approach To Mobile Computing (Page-651), The CMU Mobile Computers And Their Applications For Maintenance (Page-681), Genesis And Advanced Traveler Information Systems (Page-699). | ||
| 650 |
_aMobile Computing _918095 |
||
| 942 |
_2ddc _cBK _k621.38456,MOB |
||
| 999 |
_c190268 _d190268 |
||